ბათუმის შოთა რუსთაველის სახელმწიფო უნივერსიტეტის ბიბლიოთეკა

Удивительный квадрат. (ბიბ.ჩანაწერი № 39065)

000 -LEADER
fixed length control field 00534nam a2200193Ia 4500
001 - CONTROL NUMBER
control field 5609
003 - CONTROL NUMBER IDENTIFIER
control field GE_BSU
008 - FIXED-LENGTH DATA ELEMENTS--GENERAL INFORMATION
fixed length control field 181216s||||||||xx |||||||||||||| ||und||
040 ## - CATALOGING SOURCE
Transcribing agency GE_BSU
100 ## - MAIN ENTRY--PERSONAL NAME
Personal name Кордемский,Б.А. Н.В.Русалев.
245 ## - TITLE STATEMENT
Title Удивительный квадрат.
245 ## - TITLE STATEMENT
Statement of responsibility, etc. Ред. И.Н. Броншеин
260 ## - PUBLICATION, DISTRIBUTION, ETC.
Place of publication, distribution, etc. Моска
260 ## - PUBLICATION, DISTRIBUTION, ETC.
Name of publisher, distributor, etc. Гостехиздат
260 ## - PUBLICATION, DISTRIBUTION, ETC.
Date of publication, distribution, etc. 1952
300 ## - PHYSICAL DESCRIPTION
Extent 157 с. 20 см
653 ## - INDEX TERM--UNCONTROLLED
Uncontrolled term Удивительный квадрат.
942 ## - ADDED ENTRY ELEMENTS (KOHA)
Koha item type წიგნი
ეგზემპლარები
Withdrawn status Lost status Damaged status Not for loan Date acquired Barcode Date last seen Price effective from Koha item type
        2018-12-17 15944 2018-12-17 2018-12-17 წიგნი